[Event "Riga Tal Memorial blitz"]
[Site "Riga"]
[Date "2019.07.18"]
[Round "4"]
[White "Grachev, Boris V"]
[Black "Gutmans, Mihail"]
[Result "1/2-1/2"]
[WhiteElo "2621"]
[BlackElo "2172"]
[PlyCount "95"]
[EventDate "2019.07.18"]
[EventType "swiss (blitz)"]
[EventRounds "13"]
[EventCountry "LAT"]
[SourceTitle "CBM 191 Extra"]
[Source "ChessBase"]
[SourceDate "2019.09.30"]
[SourceVersion "1"]
[SourceVersionDate "2019.09.30"]
[SourceQuality "1"]

1. d4 d6 2. Nf3 g6 3. c4 Bg7 4. Nc3 Nf6 5. Bg5 0-0 6. e3 Nbd7 7. Be2 b6 8. Qc2 Bb7 9. Rd1 a6 10. 0-0 Qe8 11. d5 e5 12. dxe6 fxe6 13. Bh4 Kh8 14. Ng5 Ne5 15. h3 h6 16. Nge4 Nxe4 17. Nxe4 Qc6 18. f3 b5 19. c5 g5 20. Bxg5 d5 21. f4 dxe4 22. Be7 Rf7 23. fxe5 Rxe7 24. b4 Qe8 25. Rf4 Bxe5 26. Rh4 Bg7 27. Rf1 Bd5 28. Bh5 Qg8 29. Qd1 Be5 30. Bg4 Qg5 31. Qe1 Rg8 32. Rh5 Qg6 33. Rxe5 Rf7 34. Rxf7 Qxf7 35. Rh5 Qf6 36. Qg3 Bxa2 37. Qxc7 Bd5 38. Qd7 Rg5 39. c6 Qa1+ 40. Kh2 Qe5+ 41. Kg1 Qa1+ 42. Kh2 Qe5+ 43. Kg1 Rxh5 44. c7 Qa1+ 45. Kh2 Qe5+ 46. Kg1 Qa1+ 47. Kh2 Qe5+ 48. Kg1 1/2-1/2

[Event "Riga Tal Memorial blitz"]
[Site "Riga"]
[Date "2019.07.18"]
[Round "2"]
[White "Martinez Alcantara, Jose Eduardo"]
[Black "Gutmans, Mihail"]
[Result "1-0"]
[WhiteElo "2601"]
[BlackElo "2172"]
[PlyCount "91"]
[EventDate "2019.07.18"]
[EventType "swiss (blitz)"]
[EventRounds "13"]
[EventCountry "LAT"]
[SourceTitle "CBM 191 Extra"]
[Source "ChessBase"]
[SourceDate "2019.09.30"]
[SourceVersion "1"]
[SourceVersionDate "2019.09.30"]
[SourceQuality "1"]

1. c4 e5 2. g3 g6 3. Bg2 Bg7 4. Nc3 Nc6 5. e4 d6 6. Nge2 Nge7 7. 0-0 0-0 8. d3 h6 9. Be3 Kh7 10. Qd2 Be6 11. Nd5 f5 12. b4 f4 13. gxf4 exf4 14. Ndxf4 Bg4 15. f3 Bd7 16. d4 Ng8 17. b5 Nce7 18. Rae1 a6 19. a4 axb5 20. axb5 Ra3 21. Ra1 Qa8 22. Qc1 Ra4 23. Nd3 Qa5 24. Nc3 Rxa1 25. Qxa1 Ra8 26. Qxa5 Rxa5 27. Rc1 Ra3 28. Bf1 c5 29. Nb1 Rb3 30. dxc5 dxc5 31. Nd2 Ra3 32. Bxc5 Ra2 33. Nb3 h5 34. Rd1 Be6 35. Nf4 Bc8 36. Nd5 Nxd5 37. cxd5 Rb2 38. Nd4 Bh6 39. Ne6 Rc2 40. Bf2 Nf6 41. Nd4 Rb2 42. d6 Bd7 43. e5 Nd5 44. e6 Bxe6 45. Nxe6 Nf4 46. Nxf4 1-0

[Event "EU-ch rapid"]
[Site "Warsaw"]
[Date "2011.12.17"]
[Round "2"]
[White "Kryvoruchko, Yuriy"]
[Black "Gutmans, Mihail"]
[Result "1-0"]
[WhiteElo "2666"]
[BlackElo "2137"]
[PlyCount "50"]
[EventDate "2011.12.17"]
[EventType "swiss (rapid)"]
[EventRounds "13"]
[EventCountry "POL"]
[SourceTitle "CBM 145 Extra"]
[Source "ChessBase"]
[SourceDate "2012.01.03"]
[SourceVersion "1"]
[SourceVersionDate "2012.01.03"]
[SourceQuality "1"]

1. e4 c5 2. Nf3 e6 3. c3 d5 4. exd5 Qxd5 5. d4 Nf6 6. Bd3 cxd4 7. cxd4 Nc6 8. Nc3 Qd6 9. Be3 Be7 10. a3 0-0 11. Qc2 Rd8 12. 0-0 a6 13. Rad1 h6 14. Qc1 Nd5 15. Bb1 f5 16. Nxd5 exd5 17. Bf4 Qf6 18. Rfe1 Be6 19. Qe3 Bf7 20. Ne5 Bd6 21. Qf3 Nxd4 22. Rxd4 Re8 23. Rxd5 Bxd5 24. Qxd5+ Kh7 25. g4 Bxe5 1-0

[Event "EU Maccabi Games 12th"]
[Site "Rome"]
[Date "2007.07.06"]
[Round "2"]
[White "Klein, Dominik"]
[Black "Gutmans, Mihail"]
[Result "0-1"]
[WhiteElo "1935"]
[BlackElo "2117"]
[PlyCount "100"]
[EventDate "2007.07.05"]
[EventType "swiss"]
[EventRounds "7"]
[EventCountry "ITA"]
[SourceTitle "CBM 119 Extra"]
[Source "ChessBase"]
[SourceDate "2007.09.04"]
[SourceVersion "1"]
[SourceVersionDate "2007.09.04"]
[SourceQuality "1"]

1. e4 c5 2. Nf3 e6 3. d4 cxd4 4. Nxd4 a6 5. Bd3 Bc5 6. Nb3 Be7 7. 0-0 d6 8. Nc3 Nf6 9. Be3 Qc7 10. f4 Nbd7 11. a4 b6 12. Qf3 Bb7 13. Qg3 g6 14. Rae1 Rc8 15. Kh1 Nc5 16. Nxc5 bxc5 17. e5 Nh5 18. Qh3 d5 19. Bd2 Ng7 20. Qh6 Bf8 21. Qg5 h6 22. Qg3 c4 23. Be2 Nf5 24. Qh3 Rb8 25. Nd1 Nd4 26. Qc3 Nc6 27. Qg3 Nd4 28. Qc3 Bc5 29. Nf2 Bc6 30. b3 Nf5 31. Qh3 Bxf2 32. Rxf2 Qb6 33. Rff1 cxb3 34. cxb3 Qxb3 35. Bd3 Qa2 36. Bc3 d4 37. Ba5 Ne3 38. Rg1 Rb2 39. Bf1 Qxa4 40. Bc7 Qb4 41. Rxe3 dxe3 42. Qxe3 Qe4 43. Qc1 Rb1 44. Qd2 0-0 45. Bd6 Rc8 46. Bd3 Rxg1+ 47. Kxg1 Qd4+ 48. Kf1 Bb5 49. Ke2 Qe4+ 50. Kf2 Bxd3 0-1

[Event "EU-ch U16"]
[Site "Urgup"]
[Date "2004.07.??"]
[Round "8"]
[White "Gutmans, Mihail"]
[Black "Moskalenko, Alexander"]
[Result "0-1"]
[WhiteElo "2188"]
[BlackElo "2337"]
[PlyCount "52"]
[EventDate "2004.08.??"]
[EventType "swiss"]
[EventRounds "9"]
[EventCountry "TUR"]
[SourceTitle "EXT 2005"]
[Source "ChessBase"]
[SourceDate "2004.11.15"]
[SourceVersion "1"]
[SourceVersionDate "2004.11.15"]
[SourceQuality "1"]

1. d4 g6 2. c4 Bg7 3. Nc3 d6 4. e4 Nc6 5. Be3 e5 6. d5 Nce7 7. Bd3 f5 8. exf5 gxf5 9. g4 Nf6 10. gxf5 Nxf5 11. Bg5 Nd4 12. Ne4 0-0 13. Nxf6+ Bxf6 14. Bxh7+ Kg7 15. Be3 Kxh7 16. Qh5+ Kg8 17. Nh3 Bg7 18. Rg1 Nf3+ 19. Ke2 Nxg1+ 20. Rxg1 Qf6 21. Rg6 Qf5 22. Rxg7+ Kxg7 23. Qh6+ Kg8 24. Ng5 Rf6 25. Qh4 Qg4+ 26. Qxg4 Bxg4+ 0-1